000
00331cam a2200133ua 4500
041
_a
eng
_h
100
_a
Arvind, Kumar .
245
_a
Verms and vermitechnology /
_c
Arvind Kumar.
_h
Textual Documents
260
_a
New Delhi :
_b
A.P.H Publication ,
_c
2005.
300
_a
; .
504
_a
942
_c
BK
999
_c
12987
_d
12987